书目信息 |
| 题名: |
回眸:上海大学档案馆建馆20周年纪念
|
|
| 作者: | 汪敏 | |
| 分册: | ||
| 出版信息: | 上海 上海大学出版社 2014.10 |
|
| 页数: | 266页 | |
| 开本: | 20cm | |
| 丛书名: | ||
| 单 册: | ||
| 中图分类: | G279.275.1 | |
| 科图分类: | ||
| 主题词: | 档案学 , 档案工作 | |
| 电子资源: | ||
| ISBN: | 7-5671-1457-7 | |
| 000 | 00669nam0 2200217 450 | |
| 001 | 2945 | |
| 005 | 20161207085718.57 | |
| 010 | @a7-5671-1457-7@dCNY60.00 | |
| 100 | @a20150811d2014 km y0chiy0120 ea | |
| 101 | 0 | @achi |
| 102 | @aCN@b310000 | |
| 200 | 1 | @a回眸:上海大学档案馆建馆20周年纪念@Ahui mou:shang hai da xue dang an guan jian guan 20 zhou nian ji nian@f汪敏@Fwang min |
| 210 | @a上海@c上海大学出版社@d2014.10 | |
| 215 | @a266页@d20cm | |
| 330 | @a上海大学·档案馆·概况 | |
| 606 | 0 | @a档案学 |
| 606 | 0 | @a档案工作 |
| 690 | @aG279.275.1@v4 | |
| 701 | 0 | @a汪敏@Awang min |
| 801 | 0 | @aCN@b大连网信软件有限公司图书馆·11@c20161207 |
| 905 | @aZUCC@dG279.275.1@e80 | |
| 回眸:上海大学档案馆建馆20周年纪念/汪敏.-上海:上海大学出版社,2014.10 |
| 266页;20cm |
| ISBN 7-5671-1457-7:CNY60.00 |
| 上海大学·档案馆·概况 |
| ● |
| 相关链接 |
|
|
|
|
正题名:回眸:上海大学档案馆建馆20周年纪念
索取号:G279.275.1/80
 
预约/预借
| 序号 | 登录号 | 条形码 | 馆藏地/架位号 | 状态 | 备注 |
| 1 | 912754 | 209127540 | 第一样本阅览室/ [索取号:G279.275.1/80] | 在馆 | |
| 2 | 912755 | 209127559 | 第四借阅区/ [索取号:G279.275.1/80] | 在馆 | |
| 3 | 912756 | 209127568 | 第四借阅区/ [索取号:G279.275.1/80] | 在馆 | |
| 4 | 912757 | 209127577 | 第四借阅区/ [索取号:G279.275.1/80] | 在馆 |